<?xml version="1.0" encoding="UTF-8"?>
<marc:record xmlns:marc="http://www.loc.gov/MARC21/slim">
   <marc:leader>00000nam a2200000 a 4500</marc:leader>
   <marc:datafield ind1="1" ind2=" " tag="100">
      <marc:subfield code="a">Deimer, Petra</marc:subfield>
      <marc:subfield code="4">aut</marc:subfield>
      <marc:subfield code="e">Verfasser/-in</marc:subfield>
   </marc:datafield>
   <marc:datafield ind1="0" ind2="0" tag="245">
      <marc:subfield code="a">Wale und Delphine</marc:subfield>
   </marc:datafield>
   <marc:datafield ind1="0" ind2="0" tag="245">
      <marc:subfield code="c">Deimer, Petra</marc:subfield>
   </marc:datafield>
   <marc:datafield ind1=" " ind2="1" tag="264">
      <marc:subfield code="c">1999</marc:subfield>
   </marc:datafield>
   <marc:datafield ind1="1" ind2=" " tag="490">
      <marc:subfield code="a">Was ist was</marc:subfield>
      <marc:subfield code="v">85</marc:subfield>
   </marc:datafield>
   <marc:datafield ind1="1" ind2=" " tag="520">
      <marc:subfield code="a">Der Mensch hat die Wale an den Rand der Ausrottung gebracht. Naturschützer und Tierfreunde wie die bekannte Meeresbiologin Petra Deimer haben es unternommen, auf das Schicksal dieser Tiere aufmerksam zu machen und für ihr Überleben zu kämpfen. Die intelligenten Meeressäuger sind Meister im Langstreckenwandern und Tieftauchen. Sie besitzen ein kompliziertes Schallortungssystem, helfen verletzten und kranken Artgenossen und können sich über hunderte von Kilometern verständigen. Dieses Buch zeigt auch, wie die Wale gejagt werden und was neuerdings zum Schutz der faszinierenden Tiere geschieht.</marc:subfield>
   </marc:datafield>
   <marc:datafield ind1=" " ind2=" " tag="020">
      <marc:subfield code="a">9783788604257</marc:subfield>
      <marc:subfield code="9">9783788604257</marc:subfield>
   </marc:datafield>
   <marc:datafield ind1=" " ind2=" " tag="041">
      <marc:subfield code="a">ger</marc:subfield>
   </marc:datafield>
   <marc:datafield ind1="0" ind2=" " tag="490">
      <marc:subfield code="v">85</marc:subfield>
   </marc:datafield>
</marc:record>
